02045njm a2200577 i 450000100060000000300090000600500170001500700150003200800410004702000150008802000150010304000360011804100080015404600090016208000130017108000120018410000460019624500310024226000400027330001190031333600390043233600360047133700230050733700260053033700640055633800320062033800360065238000110068838800140069949000590071350000400077250000680081250000520088050500300093260000340096264800140099665000270101065500280103765500260106565500260109165500210111765500130113870000360115170000290118771000290121671000530124583000580129894200120135699900170136895200820138534968KOSZ 00520220822083331.0sd fsngnnmmned061010s2005 pl munn i 000 0 d a8360004196 a8360004064 cKOSZ 005aKOSZ 005dKOSZ 005/AR0 apol k2005 a785(430) a(086.7)1 aBrahms, Johannesd(1833-1897)eKompozytor10aBrahms /cJohannes Brahms. aWarszawa :bMediasat Poland,c2005. a1 płyta CD (57 min 06 s) :bzapis cyfrowy, stereo ;c12 cm +e1 dodatek : 43 strony : ilustracje ; 13 cm x 14 cm. 2rdacontentaNagranie muzycznebprm 2rdacontent3DodatekaTekstbtxt 2rdamediaaAudiobs 2rdamediaaKomputerbc 2rdamedia3DodatekaBez urządzenia pośredniczącego bn 2rdacarrieraPłyta audiobd 2rdacarrier3DodatekaWoluminbc aMuzyka a1801-19001 aBiblioteka Gazety Wyborczej. Wielcy Kompozytorzy ;v13 aTekst komentarza: Joanna Wiśnios. aWykonanie: Royal Philharmonic Orchestra ; James Judd, dyrygent. aNagranie: C.T.S. Sound Studio, Londyn 1994 rok. aII Symfonia D-dur op. 73.17aBrahms, Johannesd(1833-1897) 7a1801-1900 9aKompozytorzy niemieccy aDokumenty dźwiękowe aMuzyka instrumentalna aMuzyka na orkiestrę aMuzyka poważna aSymfonia1 aJudd, JameseDyrygentd(1949- )1 aWiśnios, JoannaeTekst 2aMediasat PolandeWydawca 2aRoyal Philharmonic Orchestra (Londyn)eWykonanie 0aBiblioteka Gazety Wyborczej.pWielcy Kompozytorzyv13 cCD2UKD c34968d34968 00104071aBPKbBPKccg14.90oCD 1340p00336109t0/9(0.034.2) Dev14.90yCD